Informatizovaná spoločnosť

Gespeichert in:
Bibliographische Detailangaben
Weitere Verfasser: Zsoldos, Ladislav
Format: Buch
Sprache:Slowakisch
Veröffentlicht: Bratislava AGRIS 1989
Ausgabe:1. vyd.
Tags: Tag hinzufügen
Keine Tags, Fügen Sie das erste Tag hinzu!

MARC

LEADER 00000nam a2200000 4500
001 c040263
005 20221215070713.1
041 0 |a slo 
044 |a SK 
245 1 0 |a Informatizovaná spoločnosť  |c Sprac. Ladislav Zsoldos 
250 |a 1. vyd. 
264 1 |a Bratislava  |b AGRIS  |c 1989 
300 |a 196 s. 
700 1 |a Zsoldos, Ladislav